000 00280nam a22001217a 4500
008 170613b xxu||||| |||| 00| 0 eng d
041 _aeng
080 _a32
100 _a19
101 _aSHP
245 _aPOLITICAL ORDER IN CHANGING SOCIETIES
_cHUNTINGTON,S.P
942 _2udc
_cBK
999 _c17180
_d17180